| 000 | 00361nam a2200145Ia 4500 | ||
|---|---|---|---|
| 008 | 191201s2009 xx 000 0 und d | ||
| 082 |
_a658.18 _bCHI |
||
| 100 | _aCHERUNILAM, Francis | ||
| 245 | 0 | _aInternational business environment | |
| 250 | _aRep | ||
| 260 |
_aN.Delhi _bHimala Publication House _c2009 |
||
| 300 | _a532 | ||
| 650 | _aMBA | ||
| 942 |
_2ddc _cBK |
||
| 999 |
_c4335 _d4335 |
||